Descripción física, geológica y minera de la provincia de Barcelona / (Record no. 187337)

MARC details
000 -LEADER
campo de control de longitud fija 01354nam a2200277 i 4500
001 - NÚMERO DE CONTROL
campo de control 187337
003 - IDENTIFICADOR DE NÚMERO DE CONTROL
campo de control SpMaBN
005 - FECHA Y HORA DE LA ÚLTIMA TRANSACCIÓN
campo de control 20230906222903.0
008 - DATOS DE LONGITUD FIJA--INFORMACIÓN GENERAL
campo de control de longitud fija 170606s1881 sp abf |||| | spa d
100 1# - ENTRADA PRINCIPAL--NOMBRE DE PERSONA
Nombre de persona Maureta, José.
9 (RLIN) 162963
245 10 - MENCIÓN DEL TÍTULO
Título Descripción física, geológica y minera de la provincia de Barcelona /
Mención de responsabilidad, etc. por los ingenieros del Cuerpo de Minas D. José Maureta y D. Silvino Thós y Codina.
260 ## - PUBLICACIÓN, DISTRIBUCIÓN, ETC.
Lugar de publicación, distribución, etc. Madrid :
Nombre del editor, distribuidor, etc. [s.n.],
Fecha de publicación, distribución, etc. 1881 (
Fabricante Imp. y Fund. de Manuel Tello)
300 ## - DESCRIPCIÓN FÍSICA
Extensión XIII, [3] h., 17-487 p., [6] h. pleg. de mapas, [6] h. de lám. (algunas pleg.) :
Otras características físicas il. ;
Dimensiones 27 cm.
490 1# - MENCIÓN DE SERIE
Mención de serie Memorias de la Comisión del Mapa Geológico de España
500 ## - NOTA GENERAL
Nota general Índice.
530 ## - NOTA DISPONIBLE DE FORMULARIO FÍSICO ADICIONAL
Nota de formato físico adicional disponible Disponible en formato digital.
650 #7 - PUNTO DE ACCESO ADICIONAL DE MATERIA--TÉRMINO DE MATERIA
Término de materia o nombre geográfico como elemento de entrada Yacimientos minerales-
Subdivisión geográfica Barcelona (Provincia)
9 (RLIN) 162961
650 #7 - PUNTO DE ACCESO ADICIONAL DE MATERIA--TÉRMINO DE MATERIA
Término de materia o nombre geográfico como elemento de entrada Geología-
Subdivisión geográfica Barcelona (Provincia)
9 (RLIN) 140322
651 #7 - PUNTO DE ACCESO ADICIONAL DE MATERIA--NOMBRE GEOGRÁFICO
Nombre geográfico Barcelona (Provincia)-
Subdivisión general Geografía.
9 (RLIN) 162962
700 1# - ENTRADA AGREGADA--NOMBRE PERSONAL
Nombre de persona Thós y Codina, Silvino.
9 (RLIN) 162964
710 2# - ENTRADA AGREGADA--NOMBRE DE ENTIDAD CORPORATIVA
Nombre de entidad corporativa o nombre de jurisdicción como elemento de entrada Comisión del Mapa Geológico de España.
9 (RLIN) 3030
830 0# - PUNTO DE ACCESO ADICIONAL DE SERIE-TÍTULO UNIFORME
Título uniforme Memorias de la Comisión del Mapa Geológico de España
9 (RLIN) 184748
852 ## - LOCALIZACIÓN
Ubicación ES-MaACL
Número de control de estantería L-31688
Nota libre - enc. hol.
-- . - Donat. herederos de la bibl. de Mª del Pilar Costa Palacín
856 ## - LOCALIZACIÓN Y ACCESO ELECTRÓNICOS
Identificador Uniforme de Recursos <a href="http://bdh-rd.bne.es/viewer.vm?id=0000055414&page=1 ">http://bdh-rd.bne.es/viewer.vm?id=0000055414&page=1 </a>
Nota pública Biblioteca Digital Hispánica
Holdings
Estatus retirado Estado de pérdida Estado de daño No para préstamo Colección Biblioteca de origen Biblioteca actual Ubicación en estantería Fecha de adquisición Fuente de adquisición Total de préstamos Signatura topográfica completa Código de barras Visto por última vez Precio de reemplazo Tipo de ítem Koha
        Colección digital Biblioteca del Ateneo de Madrid Biblioteca del Ateneo de Madrid Depósito 2 06/06/2017     L-31688 1197709 23/02/2023 23/02/2023 Libro impreso antiguo